00678nam a2200205 i 4500003000900000005001700009007000300026008004100029040003000070082001400100100003500114245008200149264004500231300004700276336002700323337003300350338002800383490003000411504003100441DO-SdBNP20240418095557.0ta240418s2002 dr ab r 000 0 spa d aDO-SdBNPbspacBNPHUerda bB479o222 aBenzo de Ferrer, Vilma,d1929-13aEl linaje Colón - De Toledo :bAlcázar de ColóncVilma Benzo de Ferrer. 1aSanto Domingo :bAmigo del Hogar,c2005. a47 páginasbilustraciones, mapasc16 cm. 2rdacontentatextobtxt 2rdamediaasin mediaciónbn 2rdacarrieravolumenbnc1 aBreviarios de historiav1 aBibliografía : p. 23-25.